| 000 | 00636nam a22001817a 4500 | ||
|---|---|---|---|
| 999 |
_c166888 _d166888 |
||
| 010 | _aENG-126164 | ||
| 020 |
_a978-93-8676-171-2 _c1995.00 |
||
| 035 | _aEN-109696 | ||
| 037 | _bDBAD/PUB | ||
| 082 | _a515.151 | ||
| 100 | _aKhan,Quddus | ||
| 245 |
_aMathematics for Chemistry/ _cby Quddus Khan |
||
| 260 |
_aNew Delhi _bAne Books Pvt.Ltd. _c2016 |
||
| 270 |
_a4821,Parwana Bhawan,1st Floor24 Ansari Road, Darya Ganj _bNew Delhi _e110002 _k+91(011)23276843 _l+91(011)23276863 _mkapoor@anebooks.com |
||
| 300 |
_a458p. _c24cm(hb) _bill |
||
| 500 | _ait includes Index and Bibliography | ||
| 942 |
_2ddc _cEN _h515.151 _mKHA |
||